[Event "MetroWest CC May op"]
[Site "Natick"]
[Date "2004.??.??"]
[Round "4"]
[White "Cousin, Neil B"]
[Black "De Koekkoek, Trevor"]
[Result "0-1"]
[WhiteElo "1850"]
[BlackElo "1935"]
[PlyCount "64"]
[EventDate "2004.??.??"]
[EventType "swiss"]
[EventRounds "4"]
[EventCountry "USA"]
[SourceTitle "EXT 2007"]
[Source "ChessBase"]
[SourceDate "2006.11.23"]
[SourceVersion "1"]
[SourceVersionDate "2006.11.23"]
[SourceQuality "1"]

1. e4 c5 2. c3 Nf6 3. e5 Nd5 4. d4 cxd4 5. Nf3 e6 6. cxd4 b6 7. Bd3 Bb7 8. 0-0 d6 9. Re1 Nd7 10. Bg5 Be7 11. Bxe7 Qxe7 12. Na3 0-0 13. Rc1 dxe5 14. dxe5 Nc5 15. Bb1 Nf4 16. Re3 Rac8 17. Nc4 Rfd8 18. Qf1 Nd7 19. Be4 Ba6 20. b3 g5 21. h3 h5 22. g3 Nd5 23. Ree1 g4 24. hxg4 hxg4 25. Nh4 Nxe5 26. Bh7+ Kxh7 27. Rxe5 Nf4 28. Rd1 Qf6 29. Re3 Kg7 30. Rxd8 Rxd8 31. Qb1 Bb7 32. Re1 Nh3+ 0-1

[Event "MetroWest CC Spring op"]
[Site "Natick"]
[Date "2003.04.01"]
[Round "1"]
[White "Curdo, John"]
[Black "Cousin, Neil B"]
[Result "1-0"]
[WhiteElo "2252"]
[BlackElo "1842"]
[PlyCount "53"]
[EventDate "2003.??.??"]
[EventType "swiss"]
[EventRounds "4"]
[EventCountry "USA"]
[SourceTitle "EXT 2005"]
[Source "ChessBase"]
[SourceDate "2004.11.15"]
[SourceVersion "1"]
[SourceVersionDate "2004.11.15"]
[SourceQuality "1"]

1. e4 c6 2. d4 d5 3. Nc3 dxe4 4. Bc4 Nf6 5. f3 Bf5 6. fxe4 Bg4 7. Nf3 e6 8. 0-0 Be7 9. e5 Nd5 10. Ne4 0-0 11. Bd3 b5 12. c3 Nd7 13. Ng3 f5 14. exf6 Bxf6 15. Qe1 Qe7 16. h3 Bxf3 17. Rxf3 Bh4 18. Qe4 g6 19. Bh6 Rxf3 20. Qxf3 Bg5 21. Bxg5 Qxg5 22. Ne4 Qh4 23. g3 Qe7 24. Re1 Re8 25. h4 h6 26. Qg4 Kg7 27. Nc5 1-0